=LDR 00000nam 2200000 4500 =001 INLIS000000000022290 =005 20130612121048 =008 ***********************************Ind** =035 ##$$0010-061300000022290 =041 ##$$a Ind =082 ##$$a 630 =090 ##$$a 630, Nuh-m =100 ##$$a Nuhung, Iskandar Andi =245 ##$$a Membangun pertanian masa depan, Suatu gagasan pembaharuan, Dr. H. Iskandar Andi Nuhung =260 ##$$a 2003 $b Semarang =300 ##$$a vi, 72 hlm., ilus, 21 cm =650 ##$$a Pertanian =850 ##$$a NBPNMAT =990 ##$$a 0001/BPAP-NTB/2015 =990 ##$$a 0001/BPAP-NTB/2016 =990 ##$$a 0001/BPAP-NTB/2016